[Event "Let's Play Chess!"]
[Site "http://www.queenalice.com/game.php?id=1618803"]
[Date "2020.7.1"]
[Round "-"]
[White "charles31"]
[Black "Jimwastestime"]
[Result "0-1"]
[WhiteElo "1601"]
[BlackElo "2075"]

1. e4 e5 2. a3 Nf6 3. Nc3 Nc6 4. Nf3 d5 5. exd5 Nxd5 6. Nxd5 Qxd5 7. d3 Bg4 8.
Be2 Nd4 9. Nxd4 Qxg2 10. Bxg4 Qxh1+ 11. Kd2 Qxd1+ 12. Kxd1 exd4 13. Bd2 Bd6 14.
f4 f5 15. Bxf5 O-O 16. Be4 Bxf4 17. Bxf4 Rxf4 18. Ke2 Raf8 19. Rh1 Rf2+ 20. Kd1
b6 21. h4 Rf1+ 22. Rxf1 Rxf1+ 23. Ke2 Rf4 24. h5 Rh4 25. Bf3 Rh2+ 26. Kd1 Kf7
27. Ke1 Rxc2 0-1

[Event "AUTO-OPEN-4191"]
[Site "http://www.queenalice.com/game.php?id=1618849"]
[Date "2020.7.1"]
[Round "1"]
[White "clovis"]
[Black "Jimwastestime"]
[Result "0-1"]
[WhiteElo "2047"]
[BlackElo "1861"]

1. e4 e5 2. f4 Nc6 3. Nf3 d6 4. Bc4 Nf6 5. O-O g6 6. Ng5 Be6 7. Nxe6 fxe6 8.
Bxe6 exf4 9. d3 Nd4 10. Bb3 Nxb3 11. axb3 Bg7 12. Bxf4 O-O 13. Nc3 Nh5 14. Bd2
Qh4 15. Nd5 Be5 0-1

[Event "AUTO-OPEN-4191"]
[Site "http://www.queenalice.com/game.php?id=1618850"]
[Date "2020.7.1"]
[Round "1"]
[White "Jimwastestime"]
[Black "clovis"]
[Result "1/2-1/2"]
[WhiteElo "1999"]
[BlackElo "2049"]

1. e4 e5 2. Nf3 Nc6 3. Bb5 f5 4. Bxc6 dxc6 5. O-O fxe4 6. Nxe5 Nf6 7. d4 exd3 8.
Nxd3 Bd6 9. Re1+ Kf7 10. Bg5 h6 11. Bf4 Bf5 12. Nc3 Bxd3 13. Bxd6 Qxd6 14. Qxd3
Qxd3 15. cxd3 Rad8 16. Rad1 Rd4 17. f3 Rhd8 18. Re3 c5 19. Kf2 Nd5 20. Nxd5
R8xd5 21. Ke2 Kf6 22. Re4 g5 23. g3 h5 24. Rxd4 Rxd4 25. Rc1 b6 26. Rc4 Ke5 27.
Ke3 Kd5 28. b3 b5 29. Rxd4+ cxd4+ 30. Kf2 c5 31. f4 gxf4 32. gxf4 c4 33. bxc4+
bxc4 34. dxc4+ Kxc4 35. Ke2 d3+ 36. Kd2 Kd4 37. f5 Ke5 38. Kxd3 Kxf5 39. Ke3 Kg4
40. Kf2 Kh3 41. Kg1 Kg4 42. Kg2 1/2-1/2

[Event "AUTO-OPEN-4191"]
[Site "http://www.queenalice.com/game.php?id=1618869"]
[Date "2020.7.1"]
[Round "1"]
[White "Fischercat"]
[Black "Jimwastestime"]
[Result "0-1"]
[WhiteElo "1860"]
[BlackElo "2004"]

1. e4 e5 2. Nf3 Nf6 3. Nxe5 d6 4. Nc4 Nxe4 5. d3 Nf6 6. Bg5 Be7 7. Be2 h6 8.
Bxf6 Bxf6 9. c3 O-O 10. O-O Be6 0-1

[Event "AUTO-OPEN-4191"]
[Site "http://www.queenalice.com/game.php?id=1618879"]
[Date "2020.7.1"]
[Round "1"]
[White "capaputi"]
[Black "Jimwastestime"]
[Result "1-0"]
[WhiteElo "2250"]
[BlackElo "1866"]

1. Nf3 Nf6 2. c4 d6 3. Nc3 g6 4. d4 Bg7 5. e4 O-O 6. Be2 c5 7. O-O cxd4 8. Nxd4
Nc6 9. f3 Nxd4 10. Qxd4 Ng4 11. Qd5 e6 12. Qb5 Bd4+ 13. Kh1 Nf2+ 14. Rxf2 Bxf2
15. Bg5 Qc7 16. Bf6 Bd7 17. Qg5 Bd4 18. Bxd4 e5 19. Nd5 f6 20. Nxf6+ Rxf6 21.
Qxf6 exd4 22. Qxd4 Bc6 23. Rd1 Rd8 24. c5 d5 25. Bc4 Rd7 26. exd5 1-0

[Event "AUTO-OPEN-4191"]
[Site "http://www.queenalice.com/game.php?id=1618880"]
[Date "2020.7.1"]
[Round "1"]
[White "Jimwastestime"]
[Black "capaputi"]
[Result "0-1"]
[WhiteElo "2115"]
[BlackElo "2275"]

1. e4 c5 2. Nf3 e6 3. d4 cxd4 4. Nxd4 Nf6 5. Bg5 Qa5+ 6. Qd2 Bb4 7. c3 Be7 8.
Bxf6 Bxf6 9. Nf3 O-O 10. Be2 Nc6 11. O-O d5 12. exd5 exd5 13. b4 Qb6 14. Na3 Be6
15. Nc2 Rad8 16. Nfd4 Bc8 17. a4 Rfe8 18. a5 Qc7 19. Rfe1 Ne5 20. Qf4 Qxc3 21.
Ra3 Ng6 22. Qb8 Bxd4 23. Rxc3 Bxc3 24. Bb5 Bxe1 25. Bxe8 Rxe8 26. h3 Bc3 27.
Qxa7 Nf4 28. Qc5 d4 29. Kh2 Ne6 30. Qc4 Bd7 31. a6 bxa6 32. Qxa6 Rd8 33. b5 Bc8
34. Qa8 d3 35. Ne3 Be5+ 36. g3 h5 37. Qe4 Bc7 38. Qc6 h4 39. b6 hxg3+ 40. fxg3
Bb8 41. Qa8 Bd7 42. Qd5 Ba4 43. Qc4 Be8 44. Nd5 d2 45. Qd3 Bc6 0-1

[Event "AUTO-OPEN-4194"]
[Site "http://www.queenalice.com/game.php?id=1620136"]
[Date "2020.7.12"]
[Round "1"]
[White "Jimwastestime"]
[Black "luizantoniosetti"]
[Result "0-1"]
[WhiteElo "2029"]
[BlackElo "2112"]

1. e4 e6 2. d4 d5 3. e5 c5 4. Bb5+ Nc6 5. c3 Bd7 6. Bxc6 bxc6 7. Nf3 cxd4 8.
cxd4 Ne7 9. O-O Nf5 10. Nc3 c5 11. Be3 cxd4 12. Bxd4 Be7 13. Ne1 Nxd4 14. Qxd4
Qb6 15. Qxb6 axb6 16. Nd3 O-O 17. a3 Rfc8 18. Rfc1 f5 19. f4 Kf7 20. Kf2 b5 21.
b4 Rc4 22. g3 g5 23. Ke3 d4+ 0-1

[Event "AUTO-OPEN-4194"]
[Site "http://www.queenalice.com/game.php?id=1620137"]
[Date "2020.7.12"]
[Round "1"]
[White "luizantoniosetti"]
[Black "Jimwastestime"]
[Result "1-0"]
[WhiteElo "2122"]
[BlackElo "2009"]

1. e4 e5 2. Nf3 Nf6 3. Nc3 Nc6 4. Bb5 d6 5. d4 exd4 6. Nxd4 Bd7 7. Nxc6 Bxc6 8.
Bxc6+ bxc6 9. O-O Be7 10. Be3 O-O 11. f3 d5 12. e5 Nd7 13. f4 Nb6 14. b3 c5 15.
Bf2 c6 16. f5 f6 17. e6 Bd6 18. Qh5 Be5 19. Bxc5 Re8 20. Rf3 Bd6 21. Bxd6 Qxd6
22. Rh3 h6 23. Qf7+ Kh8 24. Rxh6+ gxh6 25. Qxf6+ Kg8 26. Qg6+ Kh8 27. Qxh6+ Kg8
28. f6 1-0

[Event "AUTO-OPEN-4194"]
[Site "http://www.queenalice.com/game.php?id=1620138"]
[Date "2020.7.12"]
[Round "1"]
[White "Jimwastestime"]
[Black "danielglowinski"]
[Result "0-1"]
[WhiteElo "1942"]
[BlackElo "2473"]

1. e4 c6 2. d4 d5 3. exd5 cxd5 4. Nf3 Nf6 5. Bb5+ Bd7 6. Bxd7+ Nbxd7 7. O-O e6
8. Bf4 Rc8 9. c3 Qb6 10. Qb3 Nh5 11. Qxb6 Nxb6 12. Be3 Nc4 0-1

[Event "AUTO-OPEN-4194"]
[Site "http://www.queenalice.com/game.php?id=1620139"]
[Date "2020.7.12"]
[Round "1"]
[White "danielglowinski"]
[Black "Jimwastestime"]
[Result "1-0"]
[WhiteElo "2472"]
[BlackElo "1983"]

1. e4 e5 2. Nf3 Nf6 3. Nxe5 d6 4. Nf3 Nxe4 5. Nc3 Nxc3 6. dxc3 Be7 7. Bd3 O-O 8.
O-O Bf6 9. Re1 Nc6 10. Be4 Ne5 11. Nxe5 Bxe5 12. f4 1-0

[Event "AUTO-OPEN-4194"]
[Site "http://www.queenalice.com/game.php?id=1620140"]
[Date "2020.7.12"]
[Round "1"]
[White "Jimwastestime"]
[Black "amaralch7"]
[Result "1-0"]
[WhiteElo "2043"]
[BlackElo "1894"]

1. e4 g6 2. d4 Bg7 3. f4 a6 4. Nf3 d6 5. Bc4 h5 6. Be3 Bd7 7. c3 Nc6 8. O-O Bg4
9. d5 Nb8 10. Bd4 Bxd4+ 11. Qxd4 f6 12. f5 g5 13. Nxg5 c5 14. Qf2 fxg5 15. h3
Bxh3 16. gxh3 Nf6 17. Bd3 Nbd7 18. Nd2 Ne5 19. Be2 h4 20. Nf3 Nxe4 21. Qe3 Nxf3+
22. Rxf3 Nf6 23. c4 g4 24. hxg4 Nxg4 25. Qe6 Nf6 26. Rh3 Qd7 27. Kf2 Qxe6 28.
fxe6 Ne4+ 29. Ke3 Nf6 30. Rah1 Kf8 31. Rxh4 Kg7 32. Rg1+ 1-0

[Event "AUTO-OPEN-4194"]
[Site "http://www.queenalice.com/game.php?id=1620141"]
[Date "2020.7.12"]
[Round "1"]
[White "amaralch7"]
[Black "Jimwastestime"]
[Result "1-0"]
[WhiteElo "1974"]
[BlackElo "2061"]

1. e4 d6 2. Nf3 Nf6 3. d3 g6 4. c3 Bg7 5. h3 O-O 6. Bg5 c5 7. Be2 Nc6 8. Nbd2 h6
9. Bh4 Nh5 10. g3 Ne5 11. Qc2 b5 12. Nxe5 Bxe5 13. Bxh5 gxh5 14. f4 Bg7 15. Nf3
b4 16. Rg1 Bxh3 17. c4 Bg4 18. Qf2 Qa5 19. e5 b3+ 20. Kf1 Bxf3 21. Qxf3 dxe5 22.
a3 Qd8 23. Re1 Qd6 24. g4 hxg4 25. Rxg4 Kh7 26. fxe5 Qe6 27. Re2 f5 28. exf6
Qxe2+ 29. Qxe2 Bxf6 30. Bxf6 Rxf6+ 31. Ke1 Raf8 32. Qxe7+ R8f7 33. Qe4+ Kh8 34.
Rg2 Rf5 35. Kd2 a5 36. Qa8+ Rf8 37. Qxa5 1-0

[Event "AUTO-OPEN-4205"]
[Site "http://www.queenalice.com/game.php?id=1624395"]
[Date "2020.8.20"]
[Round "1"]
[White "bonow"]
[Black "Jimwastestime"]
[Result "1-0"]
[WhiteElo "2076"]
[BlackElo "1997"]

1. e4 e5 2. Nf3 Nf6 3. Nxe5 d6 4. Nf3 Nxe4 5. Qe2 Qe7 6. d3 Nf6 7. Bg5 Qxe2+ 8.
Bxe2 Be7 9. c4 Nc6 10. Nc3 h6 11. Be3 O-O 12. O-O Bf5 13. Rfe1 1-0

[Event "AUTO-OPEN-4205"]
[Site "http://www.queenalice.com/game.php?id=1624396"]
[Date "2020.8.20"]
[Round "1"]
[White "Jimwastestime"]
[Black "bonow"]
[Result "0-1"]
[WhiteElo "2012"]
[BlackElo "2062"]

1. e4 c5 2. d4 cxd4 3. Qxd4 Nc6 4. Qd1 e5 5. Nf3 Nf6 6. Nc3 Bb4 7. Bd2 O-O 8.
Bd3 d5 9. exd5 Bxc3 10. Bxc3 Nxd5 11. Bd2 Nf6 12. Bb5 Qb6 0-1

[Event "AUTO-OPEN-4205"]
[Site "http://www.queenalice.com/game.php?id=1624421"]
[Date "2020.8.20"]
[Round "1"]
[White "CERVERO"]
[Black "Jimwastestime"]
[Result "0-1"]
[WhiteElo "1827"]
[BlackElo "2001"]

1. d4 Nf6 2. Nc3 c5 3. dxc5 e5 4. b4 a5 5. Bg5 h6 6. Bxf6 Qxf6 7. e4 axb4 8. Nd5
Qd8 9. Nxb4 Bxc5 10. c3 Qa5 11. a3 O-O 12. Nf3 d6 13. Be2 Be6 14. O-O Nc6 15.
Qc2 Qc7 16. Nd5 Bxd5 17. exd5 Ne7 18. c4 Bxa3 19. Qb3 Bc5 20. Nd2 f5 21. Rfe1 b6
22. h3 Ra7 23. Rxa7 Qxa7 24. Qb2 Ra8 25. Nb3 Qa2 26. Qxa2 Rxa2 27. Nxc5 bxc5 28.
Kf1 Kf7 29. Rb1 Ra7 30. g3 f4 31. Kg2 fxg3 32. fxg3 Kf6 33. Rf1+ Kg6 34. Bd3+
Kg5 35. Rf2 h5 36. h4+ Kh6 37. Kh3 Ng8 38. Kg2 Nf6 39. Rc2 Ng4 40. Kh3 Rf7 41.
Re2 Nf2+ 0-1

[Event "AUTO-OPEN-4205"]
[Site "http://www.queenalice.com/game.php?id=1624422"]
[Date "2020.8.20"]
[Round "1"]
[White "Jimwastestime"]
[Black "CERVERO"]
[Result "1-0"]
[WhiteElo "1986"]
[BlackElo "1865"]

1. e4 c5 2. d4 cxd4 3. Qxd4 Nc6 4. Qd1 d6 5. Nc3 Nf6 6. Bb5 Bd7 7. Nf3 a6 8. Bc4
e6 9. O-O b5 10. Bd3 Be7 11. a3 Rc8 12. Bd2 O-O 13. Re1 e5 14. a4 b4 15. Nd5
Nxd5 16. exd5 Nb8 17. Bxb4 f5 18. Nd2 Bf6 19. Bxd6 Re8 20. Nc4 e4 21. Bf1 Be7
22. Bxe7 Qxe7 23. Nb6 Rc7 24. d6 Qd8 25. dxc7 Qxc7 26. Nxd7 1-0

[Event "AUTO-OPEN-4205"]
[Site "http://www.queenalice.com/game.php?id=1624437"]
[Date "2020.8.20"]
[Round "1"]
[White "steinie"]
[Black "Jimwastestime"]
[Result "1-0"]
[WhiteElo "1917"]
[BlackElo "1922"]

1. c4 c5 2. Nc3 g6 3. g3 Bg7 4. Nf3 Nc6 5. Bg2 d6 6. O-O Nf6 7. d3 O-O 8. Bg5
Be6 9. Qb3 Rb8 10. Qa3 Qd7 11. Nb5 a6 12. Nc3 Nb4 13. Qb3 Bh3 14. Bxf6 Bxf6 15.
Bxh3 Qxh3 16. Ne4 1-0

[Event "AUTO-OPEN-4205"]
[Site "http://www.queenalice.com/game.php?id=1624438"]
[Date "2020.8.20"]
[Round "1"]
[White "Jimwastestime"]
[Black "steinie"]
[Result "0-1"]
[WhiteElo "1940"]
[BlackElo "1899"]

1. e4 e5 2. Nf3 Nf6 3. Bc4 Nxe4 4. O-O d5 5. Bb3 Bg4 6. d3 Bxf3 7. Qxf3 Nf6 8.
Bg5 c6 9. Nd2 Nbd7 10. Rfe1 Be7 11. Re2 O-O 12. Rae1 Bd6 13. c4 Qa5 14. cxd5
Nxd5 15. Nc4 Qc7 16. Nxd6 Qxd6 17. Qg3 Qg6 18. Bd2 Qxg3 0-1

[Event "AUTO-OPEN-4207"]
[Site "http://www.queenalice.com/game.php?id=1625018"]
[Date "2020.8.25"]
[Round "1"]
[White "Palmeiras"]
[Black "Jimwastestime"]
[Result "1-0"]
[WhiteElo "2643"]
[BlackElo "2012"]

1. e4 e5 2. Nf3 Nf6 3. Nxe5 d6 4. Nf3 Nxe4 5. d4 d5 6. Bd3 Be7 7. O-O O-O 8. Re1
Nf6 9. c4 dxc4 10. Bxc4 Nc6 11. h3 Bd6 12. Nc3 Bf5 13. Bg5 h6 14. Bh4 Qd7 15.
Bxf6 gxf6 16. Ne4 Kg7 17. Nh4 Bxh3 18. Qf3 Bg4 19. Qxf6+ Kh7 20. Ng5+ Kg8 21.
Qg6+ 1-0

[Event "AUTO-OPEN-4207"]
[Site "http://www.queenalice.com/game.php?id=1625019"]
[Date "2020.8.25"]
[Round "1"]
[White "Jimwastestime"]
[Black "Palmeiras"]
[Result "0-1"]
[WhiteElo "1983"]
[BlackElo "2627"]

1. e4 c5 2. d4 cxd4 3. Qxd4 Nc6 4. Qd1 Nf6 5. Nc3 e6 6. Nf3 a6 7. Bg5 h6 8. Bh4
Be7 9. Bxf6 Bxf6 10. e5 Nxe5 11. Nxe5 Bxe5 12. Qd2 Qc7 13. Be2 O-O 14. h3 b5 15.
Bf3 d5 16. O-O Bf4 17. Qd3 b4 18. Ne2 Bh2+ 0-1

[Event "AUTO-OPEN-4207"]
[Site "http://www.queenalice.com/game.php?id=1625046"]
[Date "2020.8.25"]
[Round "1"]
[White "SCORPION77"]
[Black "Jimwastestime"]
[Result "1-0"]
[WhiteElo "1552"]
[BlackElo "1906"]

1. e4 e5 2. Nf3 Nf6 3. d3 Nc6 4. a3 Bc5 5. h3 O-O 6. Bg5 d5 7. Be2 dxe4 8. dxe4
Qxd1+ 9. Bxd1 Nxe4 10. Bd2 Nxf2 11. Rf1 Nxd1 12. Kxd1 Be6 13. Nc3 Bc4 14. Re1 f6
15. Re4 Be6 16. Be1 Rad8+ 17. Bd2 Bf5 18. Re2 Nd4 19. Nxd4 Bxd4 20. Kc1 Rd7 21.
Nb5 Bb6 22. Be3 Rfd8 23. Kb1 Rd1+ 24. Ka2 Rxa1+ 25. Kxa1 Bxe3 26. Rxe3 c6 27.
Nc3 Bxc2 28. Re2 Bb3 29. g4 Rd3 30. h4 Rg3 31. Re1 Rxg4 32. Rh1 f5 33. Ne2 f4
34. h5 f3 35. Nc1 Bc4 36. Re1 e4 37. Re3 f2 38. Rc3 b5 39. Rh3 f1=Q 40. Rc3 Rg3
41. Kb1 Rxc3 42. bxc3 1-0

[Event "AUTO-OPEN-4207"]
[Site "http://www.queenalice.com/game.php?id=1625047"]
[Date "2020.8.25"]
[Round "1"]
[White "Jimwastestime"]
[Black "SCORPION77"]
[Result "1-0"]
[WhiteElo "2012"]
[BlackElo "1588"]

1. e4 e5 2. Nf3 d6 3. Bc4 h6 4. d4 Nc6 5. dxe5 dxe5 6. Qxd8+ Kxd8 7. Bxf7 Nge7
8. O-O g5 9. Rd1+ Bd7 10. Be6 Nb8 11. Nxe5 Ke8 12. Bxd7+ Nxd7 13. Nxd7 Bg7 14.
Nc5 b6 15. Nd3 Rd8 16. Nc3 Bxc3 17. bxc3 Rd6 18. Be3 Rc6 19. Bd4 Rf8 20. Ne5 Rd6
21. Rd3 Rf4 22. f3 a5 23. Be3 Re6 24. Bxf4 gxf4 25. Ng4 c5 26. Rad1 h5 27. Nf2
Ng6 28. Rd8+ Ke7 29. R1d7+ Kf6 30. Rd6 b5 31. Rxe6+ Kxe6 32. Ra8 a4 33. Ra6+ Kf7
34. Ra5 b4 35. cxb4 cxb4 36. Rxa4 1-0

[Event "AUTO-OPEN-4207"]
[Site "http://www.queenalice.com/game.php?id=1625064"]
[Date "2020.8.25"]
[Round "1"]
[White "chessman"]
[Black "Jimwastestime"]
[Result "1-0"]
[WhiteElo "1891"]
[BlackElo "1961"]

1. e4 e5 2. Nf3 Nf6 3. Nxe5 d6 4. Nf3 Nxe4 5. d4 d5 6. Bd3 Be7 7. c4 c6 8. cxd5
cxd5 9. O-O O-O 10. Nc3 Nxc3 11. bxc3 Nc6 12. Re1 Bg4 13. a4 Bf6 14. Be3 Re8 15.
h3 Be6 16. Qb3 Na5 17. Qb2 b6 18. Rec1 Nc4 19. Bxc4 dxc4 20. Re1 Qd5 21. Qe2 Bf5
22. Qd2 Bxh3 23. Qe2 Bg4 24. Rab1 Bxf3 25. Qxf3 Qxf3 26. gxf3 Rab8 27. Rb2 h6
28. Reb1 Bg5 29. Re1 Bf6 30. Reb1 Bg5 31. Bxg5 hxg5 32. a5 1-0

[Event "AUTO-OPEN-4207"]
[Site "http://www.queenalice.com/game.php?id=1625065"]
[Date "2020.8.25"]
[Round "1"]
[White "Jimwastestime"]
[Black "chessman"]
[Result "0-1"]
[WhiteElo "1981"]
[BlackElo "1871"]

1. e4 e6 2. Nf3 d5 3. exd5 exd5 4. d4 c6 5. Bd3 Nf6 6. O-O Be7 7. Re1 O-O 8. c3
Re8 9. Qc2 Nbd7 10. Bf4 Nf8 11. Nbd2 h6 12. h3 Be6 13. Ne5 Ne4 14. Nxe4 dxe4 15.
Bxe4 Bf6 16. Ng4 Bxg4 17. hxg4 Qb6 18. Qd2 Rad8 19. f3 Ne6 20. Be3 Qc7 21. Kf2
Bh4+ 22. Kg1 Bxe1 23. Rxe1 Nf8 24. Kf2 a6 25. Rh1 Re6 26. Bf5 Ree8 27. Bxh6 Qe7
0-1